Sociológia - bezpečnosť - ozbrojené sily

Sociologický pohľad na bezpečnosť, vojenstvo a armádu.

Gespeichert in:
Bibliographische Detailangaben
1. Verfasser: Škvrnda, František
Weitere Verfasser: Čukan, Karol
Format: Buchkapitel
Sprache:Slowakisch
Schlagworte:
Tags: Tag hinzufügen
Keine Tags, Fügen Sie das erste Tag hinzu!

MARC

LEADER 00000naa a2200000 4500
001 0228665
005 20240502073748.0
041 0 |a slo 
044 |a SK 
245 1 0 |a Sociológia - bezpečnosť - ozbrojené sily  |c František Škvrnda, Karol Čukan 
520 |a Sociologický pohľad na bezpečnosť, vojenstvo a armádu. 
610 2 0 |a sociológia 
610 2 0 |a bezpečnosť 
610 2 0 |a vojenstvo 
610 2 0 |a sily ozbrojené 
610 2 0 |a bezpečnosť medzinárodná 
100 1 |a Škvrnda, František 
700 1 |a Čukan, Karol